000
00316pab a2200133 454500
008
180718b2005 xxu||||| |||| 00| 0 eng d
100
_a
Ali, Mansoor
245
_a
Who is behind "street democracy" in CIS countries?
260
_c
2005
300
_a
p.5.
362
_a
2 Jul
773
_a
Mainstream
909
_a
65908
999
_c
65908
_d
65908